000 00207nam a2200097Ia 4500
008 190216s9999||||xx |||||||||||||| ||und||
100 _aBuhari
245 0 _a"Saheehul Buhari Vol 1,2"
260 _bNull
942 _cBK
999 _c23
_d23